| 000 | 00593nam a22001937a 4500 | ||
|---|---|---|---|
| 003 | OSt | ||
| 005 | 20160923153940.0 | ||
| 008 | 160329b xxu||||| |||| 00| 0 eng d | ||
| 020 | _a978-93-5115-219-4 | ||
| 040 | _cLIC | ||
| 082 |
_22014 _aDC 621.312 _bEl25 |
||
| 245 | _aElectrical systems for facilities management. | ||
| 260 |
_aUAE: _b3G Elearning FZ LLC, _cc2014. |
||
| 300 |
_avi, 286 pages: _billustrations; _c23 cm. _eDVD |
||
| 500 | _aIncludes bibliographical references. | ||
| 650 | 0 |
_94437 _aElectric power production |
|
| 650 | 0 |
_94438 _aElectric power distribution |
|
| 942 |
_2ddc _cDC |
||
| 999 |
_c1462 _d1462 |
||